LIBRARY & INFORMATION CENTRE, KCAET, TAVANUR

ONLINE PUBLIC ACCESS CATALOGUE (OPAC)

Advances in Agronomy, Vo l- 14 / (Record no. 363)

MARC details
000 -LEADER
fixed length control field 00264cam a2200109ua 4500
082 ## - DEWEY DECIMAL CLASSIFICATION NUMBER
Classification number 630.21
Item number NOR/AD
100 ## - MAIN ENTRY--AUTHOR NAME
Personal name Norman, A G.
245 00 - TITLE STATEMENT
Title Advances in Agronomy, Vo l- 14 /
260 ## - PUBLICATION, DISTRIBUTION, ETC. (IMPRINT)
Place of publication New York :
Name of publisher Academic Press ,
Year of publication 1962.
300 ## - PHYSICAL DESCRIPTION
Number of Pages 432 ; .
942 ## - ADDED ENTRY ELEMENTS (KOHA)
Koha item type Books
Holdings
Withdrawn status Lost status Damaged status Home library Current library Date acquired Full call number Accession Number Koha item type
      KAUAET KAUAET 07/04/2012 630.21 10221 Books
free website counter